| 000 | 01147nam a22003137a 4500 | ||
|---|---|---|---|
| 001 | BR8005244 | ||
| 003 | BR-BrBNA | ||
| 005 | 20230928090714.0 | ||
| 007 | ta | ||
| 008 | 230509b bl.||||| |||| 00| 0 por d | ||
| 040 |
_aBR-BrBNA _bpor _cBiblioteca Nacional de Agricultura |
||
| 041 | _a(Por) | ||
| 072 |
_aF60; F40; L20 _b2790 _b7100 _b/G514 |
||
| 090 | _ 2790 BR8005244 | ||
| 100 | 1 | _aSoares, J. | |
| 110 | 1 |
_aUniversidade Federal do Parana, Curitiba (Brasil) _0Tese (Mestrado) |
|
| 245 | 1 | _aFatores ecologicos que influenciam a interacao entre as abelhas (Apoidea)e os capitulos de Senecio brasiliensis (Sprengel)Lessing, variedades brasiliensis e tripartitus, no municipio de Curitiba, Parana [maria-mole, Brasil] | |
| 260 | 3 |
_aCuritiba, PR (Brasil): _c1980. |
|
| 300 | _a153 p. | ||
| 500 | _aSummary (Eng); Bibliography p. 100-109 (109 ref.). (*) Documento disponível na(o) UFPR, Curitiba, PR (Brazil). Biblioteca Central | ||
| 650 | _aABELHA | ||
| 650 | _aMARIA-MOLE | ||
| 650 | _aPOLINIZACAO | ||
| 650 | _aMEIO AMBIENTE | ||
| 650 | _aCURITIBA | ||
| 650 | _aPARANA | ||
| 909 |
_a202309 _bLucia _c55 _dLucia Elande |
||
| 942 | _cBK | ||
| 999 |
_c30130 _d30130 |
||